Massachusetts Groups of Things - Statistics

General Stats
  • This quiz has been taken 45 times
  • The average score is 30 of 43
Answer Stats
Hint Answer % Correct
Most populated cities Boston
97%
Bordering states Connecticut
97%
Longest rivers Connecticut
97%
Top-ranked universities Harvard
97%
Bordering states New Hampshire
97%
Pro sports teams (MLB, NFL, NBA, NHL) Boston Celtics
94%
Pro sports teams (MLB, NFL, NBA, NHL) Boston Red Sox
94%
Bordering states New York
94%
Bordering states Rhode Island
94%
Bordering states Vermont
94%
Largest capes Cape Cod
92%
Pro sports teams (MLB, NFL, NBA, NHL) New England Patriots
92%
Top-ranked universities MIT
89%
Pro sports teams (MLB, NFL, NBA, NHL) Boston Bruins
83%
Largest newspapers Boston Globe
83%
Most populated cities Cambridge
78%
Writers of the movie "Good Will Hunting" Matt Damon
78%
Presidents born in Massachusetts John Adams
75%
Presidents born in Massachusetts John Quincy Adams
75%
Most populated cities Worcester
75%
Writers of the movie "Good Will Hunting" Ben Affleck
72%
Most populated cities Lowell
72%
Largest islands Martha's Vineyard
72%
Largest islands Nantucket
72%
Presidents born in Massachusetts John F. Kennedy
69%
"Shot heard 'round the world" battles Lexington
67%
Most populated cities Springfield
67%
"Shot heard 'round the world" battles Concord
64%
Longest rivers Charles
61%
Presidents born in Massachusetts George H. W. Bush
56%
Massachusetts politicians who have been major party nominees for President since 1980 John Kerry
53%
Most populated cities Brockton
50%
Massachusetts politicians who have been major party nominees for President since 1980 Mitt Romney
50%
Most populated cities Quincy
50%
Tallest buildings John Hancock
47%
Tallest buildings Prudential
47%
Massachusetts politicians who have been major party nominees for President since 1980 Michael Dukakis
44%
Most populated cities New Bedford
44%
Largest newspapers Boston Herald
42%
Largest capes Cape Ann
39%
Most populated cities Lynn
39%
Longest rivers Merrimack
39%
Longest rivers Housatonic
19%
No matching quizzes found
Score Distribution
Percent of People with Each Score
Percentile by Number Answered
Your Score History
You have not taken this quiz